000
00317nam a2200133Ia 4500
008
191201s1998 xx 000 0 und d
082
_a
677
_b
TET
100
_a
TELI, M D
245
0
_a
Technical Textile
260
_a
N.Delhi
_b
The Textile Association
_c
1998
300
_a
135
650
_a
B.Tech(TE)
942
_2
ddc
_c
BK
999
_c
3436
_d
3436